Devinez la Capitale Mystère #116 - Statistiques

Statistiques générales
  • Ce quiz a été pris 130 fois
  • Le résultat moyen est 28 sur 32
Statistiques - réponses
Type de Réponse Réponse % Correct
Lettre de l'Alphabet A
100%
Lettre Trouvée E
100%
Lettre de l'Alphabet I
100%
Lettre de l'Alphabet R
100%
Lettre Trouvée S
100%
Lettre de l'Alphabet N
99%
Lettre de l'Alphabet P
98%
Lettre Trouvée O
97%
Lettre de l'Alphabet T
97%
Lettre de l'Alphabet B
96%
Lettre Trouvée L
96%
Lettre de l'Alphabet M
95%
Lettre Trouvée U
94%
Lettre de l'Alphabet D
92%
Lettre de l'Alphabet C
90%
Lettre de l'Alphabet H
90%
Lettre Bien Placée É
89%
Lettre de l'Alphabet K
89%
Lettre de l'Alphabet G
87%
Lettre de l'Alphabet W
86%
Lettre de l'Alphabet V
84%
Lettre de l'Alphabet Y
83%
Lettre de l'Alphabet J
82%
Lettre Bien Placée S
81%
Lettre de l'Alphabet F
79%
Lettre de l'Alphabet X
78%
Lettre de l'Alphabet Q
76%
Lettre de l'Alphabet Z
76%
Lettre Bien Placée L
75%
Lettre Bien Placée O
75%
Lettre Bien Placée U
75%
Capitale Mystère Séoul
73%
Aucun quiz correspondant
Distribution des résultats
% des personnes avec chaque résultat
Percentile par nombre de réponses
Votre historique - résultats
Vous n’avez pas pris ce quiz